000 00322pab a2200133 454500
008 180718b xxu||||| |||| 00| 0 eng d
100 _aLaxman, Srinivas
245 _aReforms may see IA, AI take off
650 _a Air India
650 _a Indian Airlines
650 _aAviation
773 _aTimes of India
909 _a23325
999 _c23325
_d23325